=LDR 00000nam 2200000 4500 =001 INLIS000000000006769 =005 20200812102102 =035 ##$$a 0010-061300000006769 =008 200812################g##########0#ind## =041 ##$$a Ind =082 ##$$a 2x6.4 =090 ##$$a 2x6.4, Hal w =100 ##$$a Halwani, Aba Firdaus Al- =245 1#$$a Wanita-wanita : $b pendamping Rasulullah /$c Abu Firdaus Al-Halwani =260 ##$$a Yogyakarta :$b Al-Mahalli Press,$c 1996. =300 ##$$a 285 hlm. ; $c 19 X 12 cm. =650 #4$$a Kedudukan Wanita-Islam =850 ##$$a NBPNMAT =084 ##$$a 2x6.4 HAL w =990 ##$$a DW00022761 =990 ##$$a 116.612/Pro-97 =990 ##$$a 116.611/PPro-97